[Event "88th GER-ch Men 2017"]
[Site "Apolda"]
[Date "2017.06.24"]
[Round "2"]
[White "Engel, Luis"]
[Black "Meister, Jakob"]
[Result "1-0"]
[WhiteElo "2321"]
[BlackElo "2433"]
[Annotator "TA"]
[PlyCount "89"]
[EventDate "2017.??.??"]
[EventType "swiss"]
[EventCountry "GER"]
[SourceTitle "playchess.com"]
[Source "ChessBase"]
[SourceQuality "1"]

{[%evp 12,89,51,47,47,44,44,34,45,28,69,49,56,24,137,0,0,6,0,-14,75,31,340,327,394,404,406,407,395,392,691,736,714,650,686,583,553,545,536,553,551,530,498,510,554,552,518,538,513,528,514,499,520,481,471,445,893,836,6203,6361,5406,1159,960,815,927,926,826,771,1159,1153,1128,1056,1614,1408,5913,5724,6144,5603,5595,5595]} 1. e4 c5 2. Nf3 e6 3. d4 cxd4 4. Nxd4 a6 5. g3 b6 (5... d6 6. Bg2 Nf6 7. c4 Bd7 8. O-O Nc6 9. Nc3 Be7 10. Nxc6 Bxc6 11. a4 a5 12. Be3 O-O 13. Qe2 {1-0 (41) Giri,A (2782)-Carlsen,M (2855) Paris 2016}) 6. Bg2 {B41: Sicilian: Kan Variation: 5 c4} Bb7 7. O-O {LiveBook: 4 Games} h5 $146 ({Predecessor:} 7... Qc7 8. b3 d6 9. Bb2 Nf6 10. Re1 Nbd7 11. c4 Be7 12. Nc3 O-O 13. Qd2 Rfe8 14. Rad1 Bf8 15. h3 Rac8 16. g4 g6 17. Nde2 Qb8 18. Ng3 Ne5 19. f4 Nc6 20. Nd5 exd5 21. exd5 {1-0 (52) Quesada Perez,Y (2630)-Oussedik,E (2155) chess.com INT 2017}) 8. Re1 {White is slightly better.} h4 9. Nc3 (9. Nf5 $5) 9... hxg3 10. hxg3 Be7 11. Qg4 {Threatens to win with e5.} Kf8 12. Be3 (12. e5 $5 {[%cal Rg2b7]} Nc6 13. Nxc6 Bxc6 14. Bxc6 dxc6 15. Qe4 $14) 12... d6 {[#]} (12... Nc6 $11) 13. Rad1 (13. e5 $1 $16 Qc8 14. exd6 Bxd6 15. Bxb7 Qxb7 16. Qe4) 13... Nd7 $11 14. f4 {[%cal Bf2f4,Bf4f5,Bf5e6][%mdl 32]} Rc8 15. Qe2 Rxc3 (15... Rc7 $11 {keeps the balance.}) 16. bxc3 $16 {e5 is the strong threat.} Qa8 $2 {[%mdl 8192]} ({Better is} 16... Ngf6 $14) 17. e5 $1 $18 d5 18. f5 Nxe5 19. fxe6 f6 20. Nf5 Nc4 $2 (20... Qc8 21. Bd4 Qxe6) 21. Qg4 {White is clearly winning.} g5 22. Bd4 Nh6 23. Nxh6 Rxh6 24. Kf2 Kg8 25. Rh1 Qf8 26. Rh5 Bc6 27. Rdh1 Rxh5 28. Qxh5 {[%csl Gh1][%cal Rh5h8]} Qg7 29. Bf1 Nd6 30. Bd3 Ne4+ 31. Kg2 b5 32. g4 Bd6 33. Rh3 Kf8 (33... a5 $142 34. Rh1 Be7) 34. Qh7 Be8 35. Bxe4 dxe4 36. Qh8+ (36. Qf5 $142 Be7 37. Rh7) 36... Qxh8 37. Rxh8+ Ke7 {[#]} 38. Bxf6+ $1 {[%mdl 512]} Kxf6 39. Rxe8 {[%mdl 4096] Endgame KR-KB} a5 40. Kf2 Bc5+ 41. Ke2 b4 42. cxb4 axb4 43. Rc8 Bd6 44. Ke3 Kxe6 45. Kxe4 {Precision: White = 79%, Black = 30%.} 1-0

[Event "88th GER-ch Men 2017"]
[Site "Apolda"]
[Date "2017.06.24"]
[Round "2"]
[White "Neyman, Igor"]
[Black "Kersten, Uwe"]
[Result "1-0"]
[WhiteElo "2308"]
[BlackElo "2257"]
[Annotator "NA"]
[PlyCount "83"]
[EventDate "2017.??.??"]
[EventType "swiss"]
[EventCountry "GER"]
[SourceTitle "playchess.com"]
[Source "ChessBase"]
[SourceQuality "1"]
[TimeControl "40/6000+30:3000+30"]

1. d4 {[%emt 0:00:00]} Nf6 {[%emt 0:00:18]} 2. Nf3 {[%emt 0:00:15]} e6 {[%emt 0:03:18]} 3. c4 {[%emt 0:01:00]} Bb4+ {[%emt 0:04:12]} 4. Nbd2 {[%emt 0:03:32]} O-O {[%emt 0:01:51]} 5. a3 {[%emt 0:01:17]} Be7 {[%emt 0:00:09]} 6. e4 {[%emt 0:03:03]} d5 {[%emt 0:00:16]} 7. Bd3 {[%emt 0:02:51]} c5 {[%emt 0:12:04]} 8. dxc5 {[%emt 0:11:47]} dxe4 {[%emt 0:15:13]} 9. Nxe4 {[%emt 0:02:09]} Nxe4 {[%emt 0:00:31]} 10. Bxe4 {[%emt 0:00:14]} Qxd1+ {[%emt 0:00:43]} 11. Kxd1 {[%emt 0:00:13]} Bxc5 {[%emt 0:00:56]} 12. Ke2 {[%emt 0:02:39]} a5 {[%emt 0:09:19]} 13. b3 {[%emt 0:05:12]} Nd7 {[%emt 0:03:01]} 14. Bd2 {[%emt 0:06:39]} Nf6 {[%emt 0:04:58]} 15. Bc2 {[%emt 0:02:45]} b6 {[%emt 0:00:17]} 16. b4 {[%emt 0:07:38]} Be7 {[%emt 0:01:02]} 17. Be3 {[%emt 0:09:55]} Bb7 {[%emt 0:08:52]} 18. Bxb6 {[%emt 0:07:54]} axb4 {[%emt 0:00:47]} 19. axb4 {[%emt 0:01:19]} Bxb4 {[%emt 0:00:05]} 20. Rhb1 {[%emt 0:04:37]} Be7 {[%emt 0:07:16]} 21. Bd4 {[%emt 0:03:24]} Ba6 {[%emt 0:07:12]} 22. Ra4 {[%emt 0:04:26]} Rfc8 {[%emt 0:08:34]} 23. Nd2 {[%emt 0:09:39]} Nd5 {[%emt 0:04:01]} 24. Ke1 {[%emt 0:03:47]} e5 {[%emt 0:07:47]} 25. Be4 {[%emt 0:06:08]} Bb7 {[%emt 0:07:56]} 26. Rxb7 {[%emt 0:02:01]} Rxa4 {[%emt 0:00:02]} 27. Bxd5 {[%emt 0:01:36]} exd4 {[%emt 0:01:03]} 28. Rxe7 {[%emt 0:00:43]} d3 {[%emt 0:00:15]} 29. f4 {[%emt 0:02:02]} Ra2 {[%emt 0:02:18]} 30. Re3 {[%emt 0:02:43]} Ra3 {[%emt 0:00:41]} 31. Kf2 {[%emt 0:01:41]} Kf8 {[%emt 0:00:30]} 32. Kf3 {[%emt 0:00:39]} f5 {[%emt 0:00:17]} 33. g4 {[%emt 0:01:04]} fxg4+ {[%emt 0:00:31]} 34. Kxg4 {[%emt 0:00:41]} Rb8 {[%emt 0:00:01]} 35. Bf3 {[%emt 0:00:44]} Rb2 {[%emt 0:00:18]} 36. Ne4 {[%emt 0:00:19]} Rxh2 {[%emt 0:01:25]} 37. c5 {[%emt 0:00:17]} h5+ {[%emt 0:00:25]} 38. Kg5 {[%emt 0:00:34]} Rc2 {[%emt 0:00:32]} 39. Nd6 {[%emt 0:01:11]} Rxc5+ {[%emt 0:00:31]} 40. Kg6 {[%emt 0:00:34]} Rc8 {[%emt 0:50:30]} 41. Nxc8 {[%emt 0:50:46]} Ra6+ {[%emt 0:00:00]} 42. Kxh5 {[%emt 0:00:00]} 1-0

[Event "88th GER-ch Men 2017"]
[Site "Apolda"]
[Date "2017.06.24"]
[Round "2"]
[White "Frischmann, Rick"]
[Black "Prenzler, Daniel"]
[Result "1-0"]
[WhiteElo "2304"]
[BlackElo "2210"]
[Annotator "TA"]
[PlyCount "97"]
[EventDate "2017.??.??"]
[EventType "swiss"]
[EventCountry "GER"]
[SourceTitle "playchess.com"]
[Source "ChessBase"]
[SourceQuality "1"]

{[%evp 25,97,0,0,-13,3,0,7,11,14,22,17,20,44,37,35,40,43,8,12,-11,0,0,14,0,0,0,26,0,0,0,0,-49,-5,-85,0,0,0,0,0,0,0,0,0,-8,0,0,0,0,84,0,0,0,0,0,39,31,61,37,117,117,640,632,836,820,1395,1220,2035,2013,1954,1897,1804,1788,1747,1595]} 1. e4 e6 2. d4 d5 3. Nd2 c5 4. exd5 Qxd5 5. Ngf3 cxd4 6. Bc4 Qd6 7. O-O Nf6 8. Nb3 Nc6 9. Nbxd4 Nxd4 10. Nxd4 a6 11. Re1 Qc7 12. Qe2 h6 {C07: French Tarrasch: 3...c5, 4 Ngf3 and 4 exd5 Qxd5} (12... Bd6 13. Bg5 O-O 14. Bxf6 gxf6 15. Bd3 f5 16. Qh5 Be5 17. c3 Kh8 18. Re3 Rg8 19. Rae1 Bxd4 20. cxd4 {½-½ (44) Sjugirov,S (2673)-Goganov,A (2632) Moscow 2017}) 13. h3 Bc5 {LiveBook: 3 Games} 14. Nb3 (14. Nf5 $5) 14... Bd6 {[#] The position is equal.} 15. Bd2 $146 ({Predecessor:} 15. Bd3 O-O 16. c4 Bh2+ 17. Kh1 Bf4 18. Nd2 Rd8 19. Ne4 Nd7 20. Nc3 Bxc1 21. Raxc1 {½-½ (46) Sebag,M (2501)-Kaczmarczyk,D (2358) Caleta 2014}) 15... b5 16. Bd3 Bb7 17. Na5 Bd5 18. c4 bxc4 19. Nxc4 Be7 20. Rac1 (20. Ba5 $5 {[%cal Ra5c7]} Qf4 21. Bd2 $14) 20... Qb7 21. Rc3 O-O ({Reject} 21... Bxg2 $6 22. Rb3 $16) 22. Rb3 Qa7 23. Rc1 Rab8 (23... Bc5 {seems wilder.} 24. Rbc3 Rad8 25. Be3 Bxe3 26. Nxe3 a5) 24. Rxb8 Rxb8 25. b3 Bc5 26. Bf4 Rd8 27. Ne3 Bb7 28. Bc4 a5 29. Bc7 {[#]} (29. Be5 $11) 29... Rd7 ({Black should play} 29... Rd4 $1 $17) 30. Be5 $11 Bd4 31. Bxd4 Rxd4 32. a4 Qa8 33. Rd1 Qd8 34. Rd3 Be4 35. Rxd4 Qxd4 36. Qe1 Qc5 (36... Nd5 $1 $11) 37. Qd2 (37. Bb5 $16) 37... Nd5 38. Ng4 Bf5 39. Ne5 f6 40. Nf3 Kf7 41. Qd4 (41. Nd4 {feels hotter.} Bh7 42. Nb5 Qb4 43. Qd1 Qc5 44. Qe2) 41... Qxd4 ({Black should try} 41... Qc6 $14) 42. Nxd4 $16 {[#] Threatens to win with Bxd5.} Nb6 $2 {[%mdl 8192]} (42... Bb1 $16) 43. Nxf5 $18 {White is clearly winning.} Nxc4 44. bxc4 exf5 {KP-KP} 45. Kf1 Ke6 46. Ke2 Kd6 47. Kd3 Kc5 48. Kc3 h5 49. f3 {Precision: White = 54%, Black = 29%.} 1-0

[Event "88th GER-ch Men 2017"]
[Site "Apolda"]
[Date "2017.06.24"]
[Round "2"]
[White "Schneider, Jana"]
[Black "Meier, Georg"]
[Result "0-1"]
[WhiteElo "2270"]
[BlackElo "2636"]
[Annotator "TA"]
[PlyCount "86"]
[EventDate "2017.??.??"]
[EventType "swiss"]
[EventCountry "GER"]
[SourceTitle "playchess.com"]
[Source "ChessBase"]
[SourceQuality "1"]

{[%evp 11,86,22,31,0,2,1,16,0,7,-14,-10,-9,5,4,11,0,22,14,29,0,34,0,43,-3,0,8,2,0,0,0,-22,-35,-37,-42,-23,-50,0,0,0,0,0,-115,-116,-111,-96,-83,-67,-89,-97,-161,-103,-150,-160,-230,-131,-215,-192,-410,-402,-418,-436,-422,-394,-421,-155,-736,-590,-12839,-12839,-12839,-12839,-29983,-29984,-29984,-29985,-29986,-12838]} 1. e4 c5 2. Nf3 Nc6 3. Bb5 g6 4. Bxc6 dxc6 5. O-O Bg7 6. d3 Nf6 7. Na3 {B31: Sicilian: 2...Nc6 3 Bb5 g6} O-O 8. Qe2 $146 ({Predecessor:} 8. Be3 Bg4 9. h3 Bxf3 10. Qxf3 Nd7 11. Rab1 b5 12. Qe2 {½-½ (12) Zvjaginsev,V (2660)-Jakovenko,D (2718) Moscow 2011}) 8... b5 9. Rd1 {The position is equal.} Bg4 10. h3 Bxf3 11. Qxf3 Nd7 12. Qe2 e5 13. c3 Qe7 14. Nc2 a5 15. f3 f5 16. Be3 Rf7 17. Bf2 Nf8 {[%cal Bd7f8,Bf8e6,Be6f4][%mdl 32]} 18. a4 Ne6 19. axb5 Nf4 20. Qf1 cxb5 21. Ne3 a4 22. Kh2 Bh6 23. Ra2 c4 24. dxc4 {Black must now prevent exf5.} fxe4 25. cxb5 Nd3 26. Ng4 (26. Bg1 $11 {keeps the balance.}) 26... Bf4+ $17 27. Kh1 Qe6 $36 {[%mdl 2048] Black has strong initiative.} 28. Raa1 h5 29. Nh2 Nxb2 30. Re1 (30. Rdb1 $17 Nd3 31. Bg1) 30... Bxh2 $19 31. Kxh2 exf3 32. gxf3 {[#]} (32. Reb1 $17 Nc4 33. Rb4) 32... Rxf3 (32... Raf8 $1 $19 33. Qg2 Rxf3) 33. Qg2 {[#]} (33. Re3 $17 Raf8 34. Rxf3 Rxf3 35. Qg2 Rxc3 36. Bg3) 33... Raf8 $1 34. Bg3 $2 (34. Re2 Nd3 35. Bh4) 34... Nd3 {Hoping for ...Rf2.} 35. Rf1 e4 {[%cal Be5e4,Be4f3,Bf3f2][%mdl 32]} 36. Rxf3 exf3 ({Inferior is} 36... Rxf3 37. Rxa4 h4 38. Bxh4 $11) 37. Qf1 Qe2+ $2 (37... Qb3 $19 38. b6 Qxb6) 38. Kg1 $2 (38. Qxe2 $17 fxe2 39. Rxa4 Rf2+ 40. Bxf2 Nxf2 41. b6) 38... Qe3+ 39. Kh1 f2 {( -> ...Rf3)} 40. Kh2 Rf3 41. Bc7 Nf4 {Black mates.} 42. Bxf4 Qxf4+ 43. Kh1 Rg3 {Precision: White = 33%, Black = 47%.} (43... Qh4 $142 44. Kh2 Qf4+ 45. Kh1 Rxc3 46. Rd1 Rg3 47. b6 a3 48. b7 Rg1+ 49. Qxg1 fxg1=Q+ 50. Rxg1 a2 51. Rxg6+ Kh7 52. Ra6 Qf1+ 53. Kh2 Qxa6 54. b8=Q Qe2+ 55. Kg3 a1=Q 56. Qb7+ Qg7+ 57. Qxg7+ Kxg7 58. h4 Kf6 59. Kh3 Qg4+ 60. Kh2 Kf5 61. Kh1 Ke4 62. Kh2 Kf3 63. Kh1 Qg2#) 0-1

[Event "88th GER-ch Men 2017"]
[Site "Apolda"]
[Date "2017.06.24"]
[Round "2"]
[White "Tonndorf, Matthias"]
[Black "Hoefelsauer, Thomas"]
[Result "1-0"]
[WhiteElo "2256"]
[BlackElo "2395"]
[Annotator "NA"]
[PlyCount "79"]
[EventDate "2017.??.??"]
[EventType "swiss"]
[EventCountry "GER"]
[SourceTitle "playchess.com"]
[Source "ChessBase"]
[SourceQuality "1"]
[TimeControl "40/6000+30:3000+30"]

1. b3 {[%emt 0:00:00]} d5 {[%emt 0:00:31]} 2. Bb2 {[%emt 0:00:00]} Bf5 {[%emt 0:00:18]} 3. Nf3 {[%emt 0:01:44]} e6 {[%emt 0:00:20]} 4. g3 {[%emt 0:01:30]} Nf6 {[%emt 0:00:24]} 5. Bg2 {[%emt 0:00:17]} Be7 {[%emt 0:00:27]} 6. O-O {[%emt 0:02:20]} O-O {[%emt 0:00:43]} 7. d3 {[%emt 0:03:34]} h6 {[%emt 0:01:02]} 8. Nbd2 {[%emt 0:02:19]} a5 {[%emt 0:04:15]} 9. a4 {[%emt 0:05:33]} Na6 {[%emt 0:03:21]} 10. Ne5 {[%emt 0:02:34]} Nc5 {[%emt 0:02:35]} 11. Qe1 {[%emt 0:06:16]} Bh7 {[%emt 0:04:59]} 12. e4 {[%emt 0:02:47]} c6 {[%emt 0:01:44]} 13. Qe2 {[%emt 0:01:04]} Qb6 {[%emt 0:06:26]} 14. Kh1 {[%emt 0:05:47]} Rad8 {[%emt 0:03:15]} 15. Ng4 {[%emt 0:06:00]} Ncd7 {[%emt 0:07:21]} 16. Ne3 {[%emt 0:05:48]} Nc5 {[%emt 0:13:55]} 17. e5 {[%emt 0:02:50]} Nfd7 {[%emt 0:01:04]} 18. f4 {[%emt 0:00:49]} Na6 {[%emt 0:04:43]} 19. Rf3 {[%emt 0:06:39]} Nb4 {[%emt 0:05:14]} 20. g4 {[%emt 0:03:41]} Bc5 {[%emt 0:04:48]} 21. Raf1 {[%emt 0:08:28]} Bxe3 {[%emt 0:01:56]} 22. Rxe3 {[%emt 0:01:08]} Nxc2 {[%emt 0:01:02]} 23. Rh3 {[%emt 0:00:44]} Nd4 {[%emt 0:12:08]} 24. Qf2 {[%emt 0:02:25]} Nc2 {[%emt 0:00:36]} 25. Qh4 {[%emt 0:01:56]} Ne3 {[%emt 0:01:17]} 26. f5 {[%emt 0:03:36]} exf5 {[%emt 0:11:44]} 27. g5 {[%emt 0:05:50]} Nxf1 {[%emt 0:04:37]} 28. e6 {[%emt 0:04:52]} fxe6 {[%emt 0:06:45]} 29. Bxg7 {[%emt 0:04:04]} Kxg7 {[%emt 0:01:09]} 30. Qxh6+ Kf7 31. Qxh7+ {[%emt 0:01:30]} Ke8 {[%emt 0:00:01]} 32. Nxf1 {[%emt 0:03:55]} Qd4 {[%emt 0:02:14]} 33. g6 {[%emt 0:05:28]} Nf6 {[%emt 0:01:12]} 34. Qxb7 {[%emt 0:02:33]} Ng4 {[%emt 0:00:55]} 35. Qxc6+ {[%emt 0:02:17]} Ke7 {[%emt 0:00:12]} 36. Rh7+ {[%emt 0:01:06]} Kf6 {[%emt 0:00:01]} 37. h3 {[%emt 0:01:22]} Kxg6 {[%emt 0:02:24]} 38. Re7 {[%emt 0:02:12]} Nf2+ {[%emt 0:01:54]} 39. Kh2 {[%emt 0:00:32]} Qe5+ {[%emt 0:01:51]} 40. Kg1 {[%emt 0:02:32]} 1-0

[Event "88th GER-ch Men 2017"]
[Site "Apolda"]
[Date "2017.06.24"]
[Round "2"]
[White "Heimrath, Reiner"]
[Black "Hirneise, Jens"]
[Result "1/2-1/2"]
[WhiteElo "2231"]
[BlackElo "2328"]
[Annotator "TA"]
[PlyCount "160"]
[EventDate "2017.??.??"]
[EventType "swiss"]
[EventCountry "GER"]
[SourceTitle "playchess.com"]
[Source "ChessBase"]
[SourceQuality "1"]

{[%evp 16,160,2,-5,19,0,114,123,129,123,119,115,122,129,123,82,85,65,100,85,93,94,123,79,75,67,118,114,197,194,172,108,108,104,122,118,116,116,123,114,122,118,118,116,120,108,120,108,108,108,123,120,123,123,123,123,133,133,133,108,118,108,108,0,100,98,98,98,99,99,106,79,79,79,91,85,91,64,85,59,99,79,92,61,78,78,79,71,81,0,0,0,93,61,70,0,5,13,40,0,0,0,0,0,0,0,0,0,0,0,0,0,0,0,0,0,0,0,0,0,0,0,0,0,0,0,0,0,0,0,0,0,0,0,0,0,0,0,0,0,0,0,0,0,0,0,0]} 1. Nf3 Nf6 2. c4 g6 3. g3 Bg7 4. Bg2 d6 5. d4 {[%cal Bd2d4,Bd4d5][%mdl 32]} O-O 6. O-O Nc6 7. d5 Na5 8. Nfd2 c6 9. Nc3 Bd7 {E62: King's Indian: Fianchetto: 6...c6 and Panno Variation (6...Nc6) without ...a6} (9... cxd5 10. cxd5 Bd7 11. Nb3 Nc4 12. Nd2 Na5 13. Nb3 Nc4 14. Nd2 Rc8 15. Nxc4 Rxc4 16. Qb3 Qc7 17. Bd2 Rc8 18. h3 a6 19. Rfc1 Qb8 20. e3 b5 21. Bf1 {½-½ (35) Esen,B (2567)-Annaberdiev,M (2417) Kocaeli 2015}) 10. b4 Nxd5 (10... Nxc4 $1 $11 11. Nxc4 Nxd5 12. Nxd5 Bxa1) 11. cxd5 $16 {[#] Black must now prevent Bb2.} Bxc3 {White is better.} 12. Rb1 Bxd2 13. Bxd2 $146 ({Predecessor:} 13. Qxd2 Nc4 14. Qd4 cxd5 15. Bxd5 Nb6 16. Bxb7 Rb8 17. Ba6 {½-½ (30) Baumgartner,H-Sikora Lerch,J Havirov 1968}) 13... Nc4 14. Bh6 {Hoping for dxc6.} Qb6 15. dxc6 Bxc6 16. Bxf8 Rxf8 17. Bxc6 bxc6 18. Qd3 d5 19. Rfd1 e6 20. a4 a5 (20... Rc8 $14) 21. Qc3 axb4 (21... Rc8 $16 {was necessary.}) 22. Rxb4 $18 Qa7 23. Rdb1 (23. a5 $18) 23... c5 $16 24. Rb5 Qxa4 25. Rxc5 Qa2 26. Re1 Nd6 27. Ra5 Ne4 28. Rxa2 Nxc3 {[%mdl 4096] Endgame KRR-KRN} 29. Rc2 Ne4 30. Rec1 Kg7 31. Rc8 Rxc8 32. Rxc8 {KR-KN} h6 33. f3 Nf6 34. Kf2 g5 35. Ke3 Nd7 36. Rc7 Ne5 37. Kd4 Kf6 38. Rc8 Ng6 39. Rc7 ({Better is} 39. Rd8 $16) 39... h5 (39... Ne5 $1 $11 {keeps the balance.}) 40. Kc5 h4 41. Kd4 hxg3 42. hxg3 Ne7 43. Ke3 (43. g4 {seems wilder.} Ng6 44. Rc2 Nf4 45. Ra2 e5+ 46. Ke3) 43... Nf5+ 44. Kf2 Ne7 45. Rb7 Ng6 46. Kg2 Ne7 47. Rb4 Ke5 48. Rg4 Kf6 49. Kh3 Ng6 50. Ra4 Ne5 51. Ra8 Nc4 52. Kg4 ({White should try} 52. Kg2 $16) 52... Ne3+ $11 53. Kh3 Nf5 (53... Nc4 $11) 54. Ra4 Ne3 55. g4 ({White should play} 55. Ra3 $14 Nc2 56. Ra2) 55... Ke5 $1 56. Kg3 f5 57. gxf5 exf5 {The position is equal.} 58. f4+ gxf4+ 59. Rxf4 d4 60. Rh4 Nf1+ 61. Kf2 Nd2 62. Ke1 Ne4 63. Kd1 Nc3+ 64. Kd2 Ne4+ 65. Kd3 Nf2+ 66. Kc4 Ng4 67. Rh8 {[#] Re8+ is the strong threat.} Ke4 68. Re8+ Ne5+ $1 69. Kc5 {aiming for Kd6.} (69. Kb3 {is interesting.} Kd5 70. Kc2 f4 71. Rd8+ Ke4 72. Kd2) 69... d3 70. exd3+ Kxd3 71. Rxe5 {KR-KP} f4 72. Rf5 Ke3 73. Kd5 f3 74. Re5+ Kd3 75. Re1 f2 76. Ra1 Ke2 77. Ke4 f1=Q 78. Ra2+ Ke1 79. Ra1+ Ke2 80. Rxf1 Kxf1 {Precision: White = 47%, Black = 60%.} 1/2-1/2

[Event "88th GER-ch Men 2017"]
[Site "Apolda"]
[Date "2017.06.24"]
[Round "2"]
[White "Schmitt, Philipp"]
[Black "Bischoff, Klaus"]
[Result "0-1"]
[WhiteElo "2174"]
[BlackElo "2504"]
[Annotator "TA"]
[PlyCount "112"]
[EventDate "2017.??.??"]
[EventType "swiss"]
[EventCountry "GER"]
[SourceTitle "playchess.com"]
[Source "ChessBase"]
[SourceQuality "1"]

{[%evp 12,112,35,23,48,29,33,34,35,22,12,-12,33,6,22,27,36,32,30,33,28,14,24,24,24,24,27,22,20,-22,-25,-92,-90,-93,-100,-100,-100,-102,-102,-102,-103,-118,-110,-174,-181,-211,-177,-258,-265,-232,-212,-260,-263,-245,-209,-215,-198,-201,-162,-157,-168,-153,-110,-167,-112,-231,-208,-253,-256,-293,-233,-235,-263,-335,-266,-315,-321,-319,-298,-308,-289,-297,-295,-304,-230,-375,-380,-375,-363,-389,-381,-390,-380,-539,-548,-578,-536,-627,-617,-852,-725,-6648,-6670]} 1. e4 c5 2. Nf3 e6 3. d4 cxd4 4. Nxd4 a6 5. Bd3 g6 6. O-O Bg7 7. Nb3 d6 {B42: Sicilian: Kan Variation: 5 Bd3} (7... Ne7 8. c4 Nbc6 9. Nc3 O-O 10. Be2 Qc7 11. Be3 b6 12. Qd2 f5 13. f3 Ne5 14. Rac1 Bb7 15. Rfd1 Rad8 {½-½ (74) Karjakin,S (2779)-Bologan,V (2732) Astana 2012}) 8. a4 Nf6 9. Be3 $146 ({Predecessor:} 9. a5 Nc6 10. Nc3 O-O 11. Be3 Bd7 12. Be2 Qe7 13. Qd2 Rac8 14. Rfd1 Nb4 15. Qxd6 Qxd6 16. Rxd6 {1-0 (55) Morawietz,D (2425)-Savchenko,V (2430) Germany 2011}) 9... O-O {White is slightly better.} 10. N1d2 Nc6 11. Nc4 Rb8 12. a5 d5 13. exd5 exd5 14. Nb6 Qc7 15. Ra4 Ne5 16. Rd4 Be6 17. Be2 Nc6 18. Bf4 Qe7 19. Rd2 Rbd8 20. c3 (20. Bf3 {looks sharper.} Ne4 21. Nxd5 Bxd5 22. Rxd5 Bxb2 23. Re1) 20... Ne4 21. Nxd5 (21. Rd3 $1 $11) 21... Bxd5 22. Rxd5 Rxd5 23. Qxd5 {Threatens to win with Bf3.} Nxc3 $1 24. bxc3 Qxe2 25. Nd4 Bxd4 $1 26. cxd4 Rd8 27. Qg5 (27. Qc5 $17) 27... Rxd4 $19 28. g3 Qe4 {aiming for ...Rd5.} 29. Qg4 (29. Qf6 $142) 29... Rd8 30. Qh4 Rd5 {White must now prevent ...Nd4.} 31. Rc1 h5 {[%cal Bh7h5,Bh5h4][%mdl 32] Strongly threatening ...Nd4.} (31... Rxa5 32. Rxc6 $1 {[%mdl 512]} Qe1+ 33. Kg2 $11) 32. Qf6 Rf5 33. Qd6 h4 34. Bh6 {White threatens Qf8+ and mate.} Kh7 35. Qf8 {[%csl Gh6][%cal Rf8g7]} Qd4 36. Be3 Qh8 $40 {[%mdl 128] Black wants a kill.} 37. Qd6 {[#]} (37. Qxh8+ $17 {keeps fighting.} Kxh8 38. Rb1) 37... Qe8 ({Inferior is} 37... Nxa5 38. g4 $11) ({Much worse is} 37... Rxa5 $6 38. Qc7 $11) ({Black should play} 37... h3 $1 $19 38. Qd1 Qf6) 38. gxh4 (38. Rc4 $17) 38... Rxa5 ({Don't do} 38... Nxa5 39. Rc7 $17) 39. Qf4 Rd5 40. Qh6+ Kg8 41. Qf4 Qd7 42. Qf6 Nd4 43. Bh6 {[%csl Gh6][%cal Rf6g7]} Nf5 44. Bg5 Rd1+ 45. Rxd1 Qxd1+ 46. Kg2 Qd5+ 47. Kg1 Qd4 48. Kf1 (48. Qxd4 {was necessary.} Nxd4 49. Bf6) 48... Qxf6 49. Bxf6 {[%mdl 4096] Endgame KB-KN} Kh7 50. Ke2 Kh6 51. Kd3 Kh5 52. Kc4 (52. Ke4 {was called for.} Nxh4 53. Kf4) 52... Nxh4 {Black is clearly winning.} 53. Kc5 Nf3 54. h3 Ng5 55. Kb6 Nxh3 56. Bd4 Kg4 {Precision: White = 27%, Black = 81%.} 0-1

[Event "88th GER-ch Men 2017"]
[Site "Apolda"]
[Date "2017.06.24"]
[Round "2"]
[White "Middelhoff, Cornelius"]
[Black "Kolbus, Dietmar"]
[Result "0-1"]
[WhiteElo "2131"]
[BlackElo "2306"]
[Annotator "NA"]
[PlyCount "94"]
[EventDate "2017.??.??"]
[EventType "swiss"]
[EventCountry "GER"]
[SourceTitle "playchess.com"]
[Source "ChessBase"]
[SourceQuality "1"]
[TimeControl "40/6000+30:3000+30"]

1. d4 {[%emt 0:00:00]} Nf6 {[%emt 0:15:27]} 2. c4 {[%emt 0:00:05]} g6 {[%emt 0:00:29]} 3. Nc3 {[%emt 0:00:10]} Bg7 {[%emt 0:00:08]} 4. e4 {[%emt 0:00:23]} O-O {[%emt 0:00:06]} 5. Nf3 {[%emt 0:00:19]} d6 {[%emt 0:00:04]} 6. Be2 {[%emt 0:00:13]} Na6 {[%emt 0:00:08]} 7. O-O {[%emt 0:00:51]} e5 {[%emt 0:00:21]} 8. Be3 {[%emt 0:01:16]} Qe8 {[%emt 0:00:39]} 9. d5 {[%emt 0:12:58]} Ng4 {[%emt 0:00:50]} 10. Bd2 {[%emt 0:02:56]} f5 {[%emt 0:00:10]} 11. Ne1 {[%emt 0:10:33]} Nf6 {[%emt 0:07:41]} 12. exf5 {[%emt 0:14:38]} gxf5 {[%emt 0:05:24]} 13. f4 {[%emt 0:04:10]} Nc5 {[%emt 0:06:12]} 14. Nb5 {[%emt 0:06:53]} Rf7 {[%emt 0:09:03]} 15. fxe5 {[%emt 0:04:17]} Qxe5 {[%emt 0:00:45]} 16. Nf3 {[%emt 0:00:46]} Qe7 {[%emt 0:02:17]} 17. Ng5 {[%emt 0:15:09]} Rf8 {[%emt 0:00:21]} 18. Re1 {[%emt 0:00:10]} Nfe4 {[%emt 0:06:02]} 19. Nxe4 {[%emt 0:02:53]} Nxe4 {[%emt 0:00:18]} 20. Bc3 {[%emt 0:11:39]} Nxc3 {[%emt 0:06:19]} 21. bxc3 {[%emt 0:00:17]} Bxc3 {[%emt 0:03:13]} 22. Nxc3 {[%emt 0:00:44]} Qe3+ {[%emt 0:00:07]} 23. Kh1 {[%emt 0:00:10]} Qxc3 {[%emt 0:00:02]} 24. Rb1 {[%emt 0:00:09]} Re8 {[%emt 0:10:21]} 25. Rf1 {[%emt 0:03:09]} Re3 {[%emt 0:07:01]} 26. Rb3 {[%emt 0:03:24]} Qe5 {[%emt 0:00:28]} 27. Rxe3 {[%emt 0:01:14]} Qxe3 {[%emt 0:00:04]} 28. Rf3 {[%emt 0:00:51]} Qe5 {[%emt 0:00:07]} 29. Bd3 {[%emt 0:08:48]} Bd7 {[%emt 0:02:17]} 30. Qb1 {[%emt 0:00:27]} Re8 {[%emt 0:16:16]} 31. Qxb7 {[%emt 0:00:17]} Qa1+ {[%emt 0:00:19]} 32. Bf1 {[%emt 0:00:02]} Re1 {[%emt 0:00:19]} 33. Kg1 {[%emt 0:01:21]} Qd4+ {[%emt 0:00:05]} 34. Kh1 {[%emt 0:00:27]} Qxc4 {[%emt 0:00:58]} 35. Kg1 {[%emt 0:01:58]} Qd4+ {[%emt 0:00:20]} 36. Kh1 {[%emt 0:00:04]} Qb6 {[%emt 0:05:42]} 37. Qxb6 {[%emt 0:01:15]} cxb6 {[%emt 0:00:59]} 38. Kg1 {[%emt 0:00:12]} Ra1 {[%emt 0:01:16]} 39. a3 {[%emt 0:00:49]} Bb5 {[%emt 0:00:59]} 40. Rxf5 {[%emt 0:00:08]} Kg7 {[%emt 0:50:09]} 41. g4 {[%emt 0:04:10]} Rd1 {[%emt 0:00:00]} 42. Kg2 {[%emt 0:00:19]} Bxf1+ {[%emt 0:00:00]} 43. Rxf1 {[%emt 0:00:03]} Rxf1 {[%emt 0:00:00]} 44. Kxf1 {[%emt 0:00:04]} Kf6 {[%emt 0:00:00]} 45. Kf2 {[%emt 0:03:36]} Ke5 {[%emt 0:00:00]} 46. Ke3 {[%emt 0:00:24]} b5 {[%emt 0:00:00]} 47. h4 {[%emt 0:03:57]} a5 {[%emt 0:00:00] Kd4+} 0-1